Funtime ABC & 123

Bibliographic Details
Main Author: Coco, Eugene Bradley
Other Authors: Rissing, Karen (illustrated)
Format: Book
Published: New York : Modren Publishing , 1994
Series:Honey Bear Books
Subjects:

MARC

LEADER 00000cam a2200000 7i4500
001 0000007625
002 000008190
005 20000330.0
020 |a 0874494982 
090 0 0 |a JF   |b COC 
100 1 |a Coco, Eugene Bradley 
245 1 0 |a Funtime ABC & 123   |c Eugene Bradley Coco ; illustrated by Karen Rissing 
260 |a New York :   |b Modren Publishing ,   |c 1994 
300 |a p.v. :   |b ill. ;   |c 30cm. 
490 0 |a Honey Bear Books 
650 0 0 |a Children's stories 
700 1 |a Rissing, Karen ,   |e illustrated 
999 |a 052489   |b BUKU   |c PINJAMAN   |e PERPUSTAKAAN KOMUNITI PETALING JAYA 
999 |a 052490   |b BUKU   |c PINJAMAN   |e PERPUSTAKAAN KOMUNITI PETALING JAYA 
999 |a 055381   |b BUKU   |c PINJAMAN   |e PERPUSTAKAAN KOMUNITI PETALING JAYA 
999 |a 055382   |b BUKU   |c PINJAMAN   |e PERPUSTAKAAN KOMUNITI PETALING JAYA